00834nam a22002057a 450000500170000001000150001702000260003203500140005803700090007208200130008110000320009424501320012626000650025827000730032330000270039670000320042394200240045599900190047995201300049820250424113452.0 aENG-144723 a9788196999896c250.00 aEN-128255 bDBAD a649.121 aMukhopadhyay, Marmar980843 aScientific parenting:bHandbook for parents of the pre-schoolers/cMarmar Mukhopadhyay, Subhash Chander And Sweta Rathore Singh aHaryanabEducational Technology and Management Academyc2024 aT-6/1701, Valley View Estate, Gwal paharibGurugram, Haryanae122003 aix,175 p.c22 cm.(Pbk) amarmar, Mukhopadhyay976691 2ddccENh649.1mMUK c211092d211092 001040708NFICaBL1bBL1d2025-04-24eDBADg250.00l0o649.1 MUKpEN-128255r2025-04-24 00:00:00t1v250.00w2025-04-24yEN